The Stamp Duty Land Tax (Zero-Carbon Homes Relief) Regulations 2007 (Record no. 107749)

MARC details
000 -LEADER
fixed length control field 01322cad a22002775a 4500
001 - CONTROL NUMBER
control field L141727
008 - FIXED-LENGTH DATA ELEMENTS--GENERAL INFORMATION
fixed length control field 071217e20071206xxk f l f000 0 eng d
035 ## - SYSTEM CONTROL NUMBER
System control number (Sirsi) u141727
041 0# - LANGUAGE CODE
Language code of text/sound track or separate title eng
050 04 - LIBRARY OF CONGRESS CALL NUMBER
Classification number 336.22 $2 18
245 04 - TITLE STATEMENT
Title The Stamp Duty Land Tax (Zero-Carbon Homes Relief) Regulations 2007
Medium [electronic resource]
260 ## - PUBLICATION, DISTRIBUTION, ETC.
Place of publication, distribution, etc. London
Name of publisher, distributor, etc. OPSI
Date of publication, distribution, etc. 2007
490 #0 - SERIES STATEMENT
Series statement Statutory Instrument
Volume/sequential designation 2007: 3437
520 ## - SUMMARY, ETC.
Summary, etc. Came into force 7 December 2007. Provides for approval of a methodology determining whether a house meets the criteria for zero-carbon homes relief. Maisonettes and flats do not qualify. Applies retrospectively to acquisition since 1 October 2007, and until 1 October 2012. This legislation is apart of the Government's attempt to realise its ambitions that all new homes should be zero carbon by 2012.
521 1# - TARGET AUDIENCE NOTE
Target audience note Advanced
590 ## - LOCAL NOTE (RLIN)
Local note KA
650 24 - SUBJECT ADDED ENTRY--TOPICAL TERM
Topical term or geographic name entry element STAMP DUTY LAND TAX (ZERO-CARBON HOMES RELIEF) REGULATIONS 2007
650 24 - SUBJECT ADDED ENTRY--TOPICAL TERM
Topical term or geographic name entry element FINANCE ACT 2003
650 24 - SUBJECT ADDED ENTRY--TOPICAL TERM
Topical term or geographic name entry element BUILDING REGULATIONS 2000
650 24 - SUBJECT ADDED ENTRY--TOPICAL TERM
Topical term or geographic name entry element CODE FOR SUSTAINABLE HOMES
650 24 - SUBJECT ADDED ENTRY--TOPICAL TERM
Topical term or geographic name entry element FINANCE BILL 2007
651 #4 - SUBJECT ADDED ENTRY--GEOGRAPHIC NAME
Geographic name United Kingdom
Chronological subdivision
690 ## - LOCAL SUBJECT ADDED ENTRY--TOPICAL TERM (OCLC, RLIN)
Topical term or geographic name as entry element PROPERTY-PROPERTY TAXATION-STAMP DUTY LAND TAX
856 40 - ELECTRONIC LOCATION AND ACCESS
Uniform Resource Identifier <a href="https://www.opsi.gov.uk/si/si200734">https://www.opsi.gov.uk/si/si200734</a>
Public note View the Regulations free of charge at www.opsi.gov.uk...
942 ## - ADDED ENTRY ELEMENTS (KOHA)
Suppress in OPAC 0
Holdings
Withdrawn status Lost status Source of classification or shelving scheme Damaged status Not for loan Home library Current library Shelving location Date acquired Total Checkouts Full call number Barcode Date last seen Copy number Price effective from Koha item type
    Dewey Decimal Classification     Virtual Virtual Online 17/12/2007   ONLINE PUBLICATION 141727-1001 06/08/2019 1 06/08/2019 Book